Представление документа в формате MARC21

Поле Инд. ПП Название Значение
Тип записи a
Библиографический уровень b
001 Контрольный номер RU/IS/BASE/283443089
005 Дата корректировки 20220715140346.6
008 Кодируемые данные 20081224
040 b Код языка каталог. rus
e Правила каталог. PSBO
041 0_ a Код языка текста rus
084 a Индекс другой классификации/Индекс ББК 60.521.8(2Рос); 60.53
100 1_ a Автор Минюшев Ф. И.
q Полное имя Минюшев Фарид Исламович
245 10 a Заглавие К вопросу "Куда идет Россия?"
504 a Библиография Библиогр. ссылки. - Примеч.
650 a Основная рубрика социология
a Основная рубрика социология личности
653 a Ключевые слова общественные отношения
a Ключевые слова отчуждение
a Ключевые слова отчуждение человека
a Ключевые слова политическое отчуждение
a Ключевые слова российское общество
a Ключевые слова Россия
a Ключевые слова социальная напряженность
773 t Заглавие источника Вестник Московского университета. Серия 18, Социология и политология
d Дата издания источника 2008
g Прочая информация № 1. - С. 41 - 47
w Контрольный № источника RU/IS/BASE/279889919
901 t Тип документа b